LEADER 02886nam 2200673 a 450 001 9910779865903321 005 20230721010903.0 010 $a3-11-032828-3 024 7 $a10.1515/9783110328288 035 $a(CKB)2550000001097123 035 $a(EBL)1215613 035 $a(OCoLC)851972157 035 $a(SSID)ssj0001054078 035 $a(PQKBManifestationID)11551824 035 $a(PQKBTitleCode)TC0001054078 035 $a(PQKBWorkID)11126827 035 $a(PQKB)10289595 035 $a(MiAaPQ)EBC1215613 035 $a(DE-B1597)211783 035 $a(OCoLC)1013942072 035 $a(OCoLC)853244222 035 $a(DE-B1597)9783110328288 035 $a(Au-PeEL)EBL1215613 035 $a(CaPaEBR)ebr10728829 035 $a(CaONFJC)MIL503657 035 $a(EXLCZ)992550000001097123 100 $a20130716d2007 uy 0 101 0 $aeng 135 $aur|n|---||||| 181 $ctxt 182 $cc 183 $acr 200 14$aThe Basho of economics$b[electronic resource] $ean intercultural analysis of the process of economics /$fSilja Graupe ; translated and introduced by Roger Gathman 210 $aHeusenstamm [Germany] $contos$d2007 215 $a1 online resource (337 p.) 225 0 $aProcess Thought ;$v15 225 0$aProcess thought ;$vv. 15 300 $aDescription based upon print version of record. 311 $a3-11-032798-8 311 $a1-299-72406-X 320 $aIncludes bibliographical references. 327 $t Frontmatter -- $tTable of Contents -- $tForeword / $rGathman, Roger -- $tAcknowledgments -- $t1 Introduction -- $t2 Methodological Presuppositions -- $t3 The Implicit Image of the Person in Economics -- $t4 The Implicit World Picture of Economics -- $t5 Conclusion -- $t6 Bibliography 330 $aIn the parlance of modern Japanese philosophy, the term Basho denotes a field of experience underlying all conceptions of reality, while remaining itself conceptually ungraspable. The Basho of Economics, then, refers to the economy's hidden experiential ground, which has never been explicitly scrutinized, as such, by mainstream economics. We uncover this ground by discerning the tacit presuppositions of classical and neo-classical theories from the perspective of modern Japanese philosophy. In particular, we draw attention to the traditional atomist assumptions implicit in their equilibrium-ce 410 0$aProcess Thought 606 $aInternational economic relations 606 $aEconomics 615 0$aInternational economic relations. 615 0$aEconomics. 676 $a330.15 676 $a330.156 700 $aGraupe$b Silja$01163159 701 $aGathman$b Roger$01542486 801 0$bMiAaPQ 801 1$bMiAaPQ 801 2$bMiAaPQ 906 $aBOOK 912 $a9910779865903321 996 $aThe Basho of economics$93795266 997 $aUNINA LEADER 03007nam 22005173 450 001 9910155828803321 005 20231110223303.0 010 $a9782806286987 010 $a2806286980 035 $a(CKB)3710000000977177 035 $a(MiAaPQ)EBC4772545 035 $a(Au-PeEL)EBL4772545 035 $a(CaPaEBR)ebr11653992 035 $a(OCoLC)966429511 035 $a(Exl-AI)4772545 035 $a(Perlego)3578442 035 $a(EXLCZ)993710000000977177 100 $a20210901d2016 uy 0 101 0 $aspa 135 $aurcnu|||||||| 181 $ctxt$2rdacontent 182 $cc$2rdamedia 183 $acr$2rdacarrier 200 10$aProfesio?n de Fe Del Vicario Saboyano de Jean-Jacques Rousseau (Gui?a de Lectura) $eResumen y ana?lisis Completo 205 $a1st ed. 210 1$aCork :$cLemaitre Publishing,$d2016. 210 4$d©2016. 215 $a1 online resource (27 pages) 225 1 $aGui?a de Lectura 327 $aIntro -- Jean-Jacques Rousseau -- Escritor, filo?sofo y mu?sico ginebrino -- Profesio?n de fe del vicario saboyano -- Reflexiones sobre la religio?n y el mal -- Resumen -- Introduccio?n al discurso del vicario -- El discurso del vicario saboyano -- El comentario del preceptor de Emilio sobre este discurso y la respuesta del vicario -- Estudio de los personajes -- El vicario saboyano -- El joven fugitivo -- Claves de lectura -- Una obra que incomoda -- La religio?n -- El mal -- Pistas para la reflexio?n -- Algunas preguntas para profundizar en su reflexio?n... -- Para ir ma?s alla?. 330 $aJean-Jacques Rousseau's 'Profession of Faith of a Savoyard Vicar' is a reflective essay exploring themes of religion, faith, and morality. It is part of Rousseau's larger work, 'Emile, or On Education,' which discusses educational philosophy across different life stages. This section focuses on religious education, presenting a narrative of a young fugitive influenced by a wise ecclesiastic. Through personal anecdotes, Rousseau delves into the challenges of religious indoctrination and the pursuit of personal virtue. The essay critiques societal norms and emphasizes the importance of inner guidance and self-knowledge in achieving moral equilibrium. Aimed at readers interested in philosophical and religious discourse, the work offers profound insights into the human condition and the nature of belief.$7Generated by AI. 410 0$aGui?a de Lectura 517 $aProfesión de fe del vicario saboyano de Jean-Jacques Rousseau 517 $aProfesión de fe del vicario saboyano de Jean-Jacques Rousseau 606 $aFaith$7Generated by AI 606 $aReligion$7Generated by AI 615 0$aFaith 615 0$aReligion 700 $aResumenExpress$0868847 801 0$bMiAaPQ 801 1$bMiAaPQ 801 2$bMiAaPQ 906 $aBOOK 912 $a9910155828803321 996 $aProfesio?n de Fe Del Vicario Saboyano de Jean-Jacques Rousseau (Gui?a de Lectura)$92998411 997 $aUNINA